Visualizzazione normale
Vista MARC
- Sem Tob de Carrión,
di Personal Name
Records bibliografici associati: 1
001 - CONTROL NUMBER
- control field: 23137
003 - CONTROL NUMBER IDENTIFIER
- control field: IT-RoINE
005 - DATE AND TIME OF LATEST TRANSACTION
- control field: 20160329102921.0
008 - FIXED-LENGTH DATA ELEMENTS
- fixed length control field: 160329|| aca||aabn | a|a d
040 ## - CATALOGING SOURCE
- Original cataloging agency: IT-RoINE
100 0# - HEADING--PERSONAL NAME
- Personal name: Sem Tob de Carrión,
- Dates associated with a name: ca. 1290-1369
400 0# - SEE FROM TRACING--PERSONAL NAME
- Personal name: Santo de Carrión
- Dates associated with a name: ca. 1290-1369
400 0# - SEE FROM TRACING--PERSONAL NAME
- Personal name: Santob de Carrión,
- Titles and other words associated with a name: Rabino,
- Dates associated with a name: ca. 1290-1369
400 0# - SEE FROM TRACING--PERSONAL NAME
- Personal name: Santob de Carrión de los Condes,
- Dates associated with a name: ca. 1290-1369
400 0# - SEE FROM TRACING--PERSONAL NAME
- Personal name: Sem Tob,
- Dates associated with a name: ca. 1290-1369